Biggest English Cities Throughout History - Statistics

General Stats
  • This quiz has been taken 290 times
    193 since last reset
  • The average score is 43 of 80
Answers on the Map
Answers color-coded by a green-red scale on the quiz's map according to % correct below.
 
Answer Stats
Year City / Town % Correct
1086, 1377, 1662, 1801, 1921, 2021 London
100%
1801, 1921, 2021 Liverpool
99%
1801, 1921, 2021 Manchester
98%
1801, 1921, 2021 Birmingham
97%
1086, 1377, 1662, 1801, 1921, 2021 Bristol
93%
1801, 1921, 2021 Leeds
91%
1086, 1377, 1662, 1801 York
91%
1377, 1662, 1801, 1921, 2021 Newcastle
90%
1377, 1662, 1801, 1921, 2021 Nottingham
90%
1086, 1377, 1662 Oxford
89%
1801, 1921, 2021 Sheffield
89%
1086, 1377, 1662 Cambridge
88%
1377, 1662, 1801, 1921, 2021 Plymouth
88%
1377, 1801, 1921, 2021 Leicester
86%
1086, 1377, 1662, 1801, 1921, 2021 Norwich
86%
1921, 2021 Southampton
85%
1662, 1801, 1921, 2021 Portsmouth
84%
1921, 2021 Brighton
82%
1086, 1662, 1801 Dover
82%
1801 Bath
81%
1377, 1662, 1801, 1921, 2021 Coventry
80%
1086, 1377, 1662 Canterbury
76%
1377, 1662, 1801, 1921, 2021 Hull
76%
1086, 1377, 1662, 1801 Exeter
74%
1921, 2021 Derby
72%
1377, 1662 Ipswich
72%
1086, 1377, 1662 Gloucester
71%
1086, 1662, 1801 Chester
70%
1086, 1377, 1662 Lincoln
69%
1921, 2021 Bradford
68%
2021 Reading
68%
1801, 1921, 2021 Wolverhampton
68%
1086, 1377, 1662 Winchester
67%
1377, 2021 Northampton
66%
1801, 1921, 2021 Stoke-on-Trent
66%
1801, 1921 Sunderland
66%
2021 Bournemouth
65%
1377, 1662 Worcester
64%
1921 Middlesbrough
59%
1086, 1377, 1662 Colchester
58%
2021 Peterborough
58%
2021 Southend-on-Sea
58%
1086 Hastings
55%
2021 Luton
55%
1086, 1377 Hereford
51%
1801, 1921 Blackburn
49%
1377, 1662 Salisbury
49%
2021 Swindon
49%
1801, 1921, 2021 Bolton
47%
2021 Milton Keynes
45%
1377 Ely
42%
1377, 1662 King's Lynn
42%
1377, 1662, 1801 Great Yarmouth
41%
1921 Salford
40%
1377, 1662, 1801 Shrewsbury
39%
1377 Boston
38%
1377, 1662 Bury St Edmunds
37%
1801, 1921 Oldham
36%
1921 Birkenhead
35%
1662 Rochester
34%
1801, 1921 Stockport
32%
1086 Taunton
28%
1086 Folkestone
22%
1921 Gateshead
20%
1377 Beverley
18%
1662 Greenwich
16%
1086 Huntingdon
15%
1086 Sandwich
15%
1086 Stamford
13%
1086 Lewes
11%
1086 Thetford
11%
1086 Dunwich
10%
1086 Hythe
10%
1801 Ashton-under-Lyne
9%
1086 Wilton
7%
1086 Milton Regis
5%
1086 Wallingford
4%
1662 Deptford
3%
1086 Wymondham
3%
1086 Steyning
2%
No matching quizzes found
Score Distribution
Percent of People with Each Score
Percentile by Number Answered
Your Score History
You have not taken this quiz since the last reset